[Event "Tourn. n9530"]
[Site "www.chess-mail.com"]
[Date "2017.10.22"]
[Round "1"]
[White "Pachi"]
[Black "Cal"]
[WhiteElo "1620"]
[BlackElo "1700"]
[Result "0-1"]
[Round "1"]
1.e4 e5
2.Ng1f3 d6
3.g3 h6
4.h4 Ng8f6
5.d3 a6
6.Nb1c3 c6
7.d4 exd4
8.Nf3xd4 c5
9.Nd4f5 Bc8xf5
10.exf5 Bf8e7
11.Nc3d5 O-O
12.Bf1g2 Nb8c6
13.g4 Nc6e5
14.g5 Nf6h7
15.gxh6 g6
16.fxg6 fxg6
17.h5 g5
18.f4 Ne5f7
19.Nd5xe7 Kh8
20.Qd1e2 Rf8e8
21.Ne7g6 Kg8
22.Bc1e3 Nf7xh6
23.O-O g4
24.f5 Nh7f6
25.Ra1d1 Qd8d7
26.Qe2c4 Kg7
27.Be3xc5 Ra8c8
28.b4 Nf6xh5
29.Qc4d5 Nh5f6
30.Bc5d4 Nh6f7
31.Rf1f4 Rc8xc2
32.Rf4xg4 Nf7h6
33.Ng6f8 Kxf8
34.Qd5b3 Qd7xf5
35.Rg4h4 Qf5g6
36.Rh4xh6 Qg6xg2
{ resign }
0-1

[Event "Tourn. n9486"]
[Site "www.chess-mail.com"]
[Date "2017.10.22"]
[Round "1"]
[White "Andychesston"]
[Black "Griffo30"]
[WhiteElo "2080"]
[BlackElo "2110"]
[Result "1/2-1/2"]
[Round "1"]
1.e4 e6
2.d4 d5
3.exd5 exd5
4.Ng1f3 Bf8d6
5.Nb1c3 c6
6.Bc1g5 Ng8e7
7.Bf1d3 O-O
8.O-O f6
9.Bg5h4 Bc8f5
10.Bh4g3 Bf5xd3
11.Qd1xd3 Nb8a6
12.a3 Na6c7
13.Ra1e1 Rf8e8
14.Re1e2 Ne7g6
15.Re2xe8 Qd8xe8
16.Bg3xd6 Ra8c8
17.Nc3a4 Qe8d7
18.Bd6g3 Nc7e6
19.Na4c5 Ne6xc5
20.dxc5 Ng6f8
21.Bg3d6 a5
22.Rf1e1 Rc8e8
23.Re1xe8 Qd7xe8
24.Bd6xf8 Qe8xf8
25.b4 axb4
26.axb4 Qf8e8
27.h3 Qe8d7
28.g4 Qd7e6
29.Nf3d4 Qe6e1
30.Kg2 Qe1xb4
31.c3 Qb4xc5
32.Nd4e6 Qc5e7
33.Qd3e2 Kf7
34.Ne6f4 Qe7xe2
35.Nf4xe2 Ke6
36.f4 g6
37.Ne2d4 Kd6
38.Kf3 Kc5
39.Nd4e6 Kc4
40.Ne6d8 Kxc3
41.Nd8xb7 d4
42.Ke2 d3
43.Kd1 Kd4
44.f5 gxf5
45.gxf5 c5
46.Nb7d6 c4
47.Nd6e8 Ke5
48.Kd2 Kxf5
49.Ne8d6 Kg5
50.Nd6xc4 Kh4
51.Nc4e3 Kxh3
52.Kxd3 { draw }
1/2-1/2

[Event "Tourn. n9555"]
[Site "www.chess-mail.com"]
[Date "2017.10.22"]
[Round "1"]
[White "Norlavuaram"]
[Black "Apdash"]
[WhiteElo "2130"]
[BlackElo "2090"]
[Result "0-1"]
[Round "1"]
1.e4 c5
2.Ng1f3 d6
3.d4 cxd4
4.Nf3xd4 Nb8c6
5.Bf1e2 Ng8f6
6.Nb1c3 g6
7.Bc1e3 Bf8g7
8.O-O O-O
9.f4 Nc6xd4
10.Be3xd4 Bc8d7
11.Be2d3 e5
12.fxe5 dxe5
13.Bd4xe5 Nf6g4
14.Be5xg7 Kxg7
15.Nc3d5 Qd8h4
16.h3 Ng4e5
17.Qd1e2 Bd7e6
18.Nd5c7 Ra8d8
19.Nc7b5 a6
20.Nb5c3 Qh4g3
21.Nc3d5 Be6xh3
22.Nd5f4 Ne5g4
{ resign }
0-1

[Event "Tourn. n9482"]
[Site "www.chess-mail.com"]
[Date "2017.10.22"]
[Round "1"]
[White "Coolant"]
[Black "Blackygrey"]
[WhiteElo "2300"]
[BlackElo "2369"]
[Result "1-0"]
[Round "1"]
1.f4 d5
2.Ng1f3 c5
3.g3 g6
4.Bf1g2 Bf8g7
5.O-O Nb8c6
6.d3 e5
7.fxe5 Nc6xe5
8.Nf3xe5 Bg7xe5
9.Nb1c3 Bc8e6
10.e4 dxe4
11.Nc3xe4 Ng8e7
12.Qd1f3 Ne7f5
13.c3 Be6d5
14.Bc1f4 Be5xf4
15.Qf3xf4 O-O
16.Ne4f6 Qd8xf6
17.Bg2xd5 Qf6b6
18.g4 Nf5d6
19.Ra1e1 Qb6c7
20.h4 Ra8e8
21.h5 b6
22.hxg6  { time }
1-0

[Event "Tourn. n9501"]
[Site "www.chess-mail.com"]
[Date "2017.10.22"]
[Round "1"]
[White "Orhany24"]
[Black "Panham"]
[WhiteElo "2090"]
[BlackElo "2220"]
[Result "1-0"]
[Round "1"]
1.e4 e5
2.Ng1f3 Nb8c6
3.Bf1c4 Ng8f6
4.O-O Bf8e7
5.c3 O-O
6.Rf1e1 d6
7.h3 a6
8.d4 b5
9.Bc4b3 Rf8e8
10.Bc1g5 Nf6d7
11.Bg5e3 Nc6a5
12.Bb3c2 Bc8b7
13.Nb1d2 Be7f8
14.b4 Na5c6
15.a4 exd4
16.Nf3xd4 Nc6xd4
17.cxd4 Nd7f6
18.Be3g5 h6
19.Bg5h4 g5
20.Bh4g3 d5
21.e5 Nf6e4
22.Nd2xe4 dxe4
23.Bc2xe4 Bb7xe4
24.Re1xe4 Bf8xb4
25.axb5 axb5
26.Ra1xa8 Qd8xa8
27.Qd1b3 Qa8xe4
28.Qb3xb4 c6
29.Qb4c5 Qe4d5
30.Qc5b6 Qd5c4
31.Qb6c7 b4
32.Qc7d7 Re8a8
33.h4 b3
34.e6 Qc4xe6
35.Qd7b7 Ra8a1
36.Kh2 Qe6d5
37.Bg3e5 Kf8
38.Qb7c8 Ke7
39.Qc8c7 Ke8
40.Be5f6 Kf8
41.Qc7e7 Kg8
42.Qe7e8 Kh7
43.h5 Qd5d6
44.Bf6e5 Qd6xe5
45.dxe5 b2
46.Qe8xf7 Kh8
47.Qf7f6 Kh7
48.Qf6g6 Kh8
49.Qg6xh6 Kg8
50.Qh6g6 Kf8
51.e6 Ke7
52.Qg6g7 Kxe6
53.Qg7xb2 { resign }
1-0

[Event "Tourn. n9519"]
[Site "www.chess-mail.com"]
[Date "2017.10.22"]
[Round "1"]
[White "Coolant"]
[Black "Sbb"]
[WhiteElo "2320"]
[BlackElo "2420"]
[Result "0-1"]
[Round "1"]
1.f4 d5
2.Ng1f3 g6
3.d4 Ng8f6
4.e3 c5
5.c3 Nb8c6
6.Bf1d3 Bc8g4
7.Nb1d2 e6
8.Qd1a4 Bf8d6
9.Nf3e5 O-O
10.O-O Bg4f5
11.Bd3b5 Nc6e7
12.b4 c4
13.Qa4d1 a5
14.g4 Bd6xe5
15.fxe5 Nf6xg4
16.Qd1f3 axb4
17.cxb4 f6
18.h3 Ng4h6
19.exf6 Bf5d3
20.fxe7 Qd8xe7
21.Qf3g2 Bd3xf1
22.Nd2xf1 Nh6f5
23.a4 Nf5h4
24.Qg2e2 Rf8xf1
25.Kxf1 Ra8f8
26.Ke1 Qe7xb4
27.Bc1d2 Qb4b2
28.Ra1c1 Nh4f3
29.Kd1 Nf3xd2
30.Rc1c2 Qb2b4
31.Qe2xd2 Qb4b1
{ resign }
0-1

[Event "Match"]
[Site "www.echecsemail.com"]
[Date "2017.10.22"]
[Round "1"]
[White "Gidi5"]
[Black "Dussek"]
[WhiteElo "1499"]
[BlackElo "1820"]
[Result "1-0"]
[Round "1"]
1.e4 e6
2.d4 d5
3.Nb1c3 Bf8b4
4.e5 Bb4xc3
5.bxc3 c5
6.Ng1f3 Nb8c6
7.Bf1e2 Qd8b6
8.Bc1a3 c4
9.O-O Ng8h6
10.Qd1d2 Bc8d7
11.Rf1b1 Qb6c7
12.Qd2g5 Nh6f5
13.Nf3h4 h6
14.Qg5g4 Nf5xh4
15.Qg4xh4 g5
16.Qh4h5 Rh8h7
17.Ba3d6 Qc7d8
18.Rb1xb7 Nc6a5
19.Rb7b2 Bd7c6
20.Be2g4 Bc6d7
21.Ra1b1 Na5c6
22.Rb2b7 Nc6a5
23.Bd6c7 Qd8e7
24.Rb7b8 Ra8xb8
25.Rb1xb8 { resign }
1-0

[Event "Match"]
[Site "www.echecsemail.com"]
[Date "2017.10.22"]
[Round "1"]
[White "Rindrandria"]
[Black "Ranjachess"]
[WhiteElo "1760"]
[BlackElo "1860"]
[Result "1-0"]
[Round "1"]
1.e4 e5
2.Bf1c4 Ng8f6
3.f3 Nb8c6
4.a3 b6
5.c3 d5
6.exd5 Nf6xd5
7.Bc4a2 Nd5f4
8.Kf1 Nf4d3
9.h4 Bf8c5
10.h5 Bc8b7
11.Ng1e2 Nd3f2
12.Qd1b3 Qd8d7
13.Rh1g1 O-O-O
14.d4 Nf2d3
15.dxc5 Nd3xc5
16.Qb3c2 Bb7a6
17.b4 Ba6d3
18.Qc2d2 Bd3xe2
19.Qd2xe2 Nc5d3
20.Nb1d2 Nd3xc1
21.Ra1xc1 Qd7xd2
22.Rc1c2 Qd2h6
23.b5 Nc6a5
24.Ke1 Qh6xh5
25.Qe2e4 f5
26.Qe4a8 Kd7
27.Qa8xa7 Rd8a8
28.Rc2d2 Ke7
29.Qa7xc7 Kf6
30.Rd2d6 Kg5
31.Qc7xg7 Kh4
32.g3 Kh3
33.Rg1h1 Kg2
34.Rh1xh5 Rh8g8
35.Rd6d2 Kxf3
36.Rh5xf5 Ke3
37.Qg7xe5 
1-0

[Event "1/128 Finale"]
[Site "www.chess-mail.com"]
[Date "2017.10.22"]
[Round "1"]
[White "Piriot"]
[Black "Vios"]
[WhiteElo "2470"]
[BlackElo "1979"]
[Result "1-0"]
[Round "1"]
1.e4 c6
2.d4 d5
3.e5 c5
4.c3 Nb8c6
5.Ng1f3 Bc8g4
6.dxc5 e6
7.b4 a6
8.Nb1d2 Nc6xe5
9.Bc1b2 Ne5xf3
10.Nd2xf3 Ng8f6
11.Bf1e2 Bf8e7
12.O-O O-O
13.Nf3e5 Bg4xe2
14.Qd1xe2 Ra8c8
15.Rf1d1 b6
16.Qe2xa6 bxc5
17.Ne5c6 Qd8c7
18.Nc6xe7 Qc7xe7
19.a3  { time }
1-0

[Event "Fast Game"]
[Site "www.echecsemail.com"]
[Date "2017.10.22"]
[Round "1"]
[White "Apdash"]
[Black "Tonino1"]
[WhiteElo "1889"]
[BlackElo "1909"]
[Result "1-0"]
[Round "1"]
1.e4 d6
2.Ng1f3 g6
3.d4 Bf8g7
4.Bf1c4 Ng8f6
5.Qd1e2 O-O
6.c3 c6
7.O-O b5
8.Bc4b3 Qd8c7
9.Bc1g5 e5
10.a4 Bc8a6
11.axb5 Ba6xb5
12.c4 Bb5a6
13.Nb1c3 Rf8e8
14.dxe5 dxe5
15.Rf1d1 Ba6b7
16.c5 Nb8d7
17.Nc3a4 Ra8b8
18.Rd1d6 Nd7xc5
19.Bb3xf7 Kxf7
20.Qe2c4 Nc5e6
21.Nf3xe5 Kf8
22.Rd6xe6 Nf6xe4
23.Ne5xg6 hxg6
24.Qc4xe4 Re8xe6
25.Qe4xe6 Rb8e8
26.Qe6xg6 Qc7a5
27.Bg5e3 Re8e5
28.Qg6d6 Kf7
29.Qd6d1 Qa5c7
30.Be3f4  { time }
1-0

[Event "Tourn. n9444"]
[Site "www.chess-mail.com"]
[Date "2017.10.23"]
[Round "1"]
[White "Piwi123"]
[Black "Bigrezi"]
[WhiteElo "2230"]
[BlackElo "2020"]
[Result "0-1"]
[Round "1"]
1.e4 e5
2.Ng1f3 Nb8c6
3.Nb1c3 Ng8f6
4.d4 exd4
5.Nf3xd4 Bf8b4
6.a3 Bb4xc3
7.bxc3 Nf6xe4
8.Nd4xc6 bxc6
9.Qd1d4 O-O
10.Bf1d3 Ne4f6
11.O-O Rf8e8
12.Bc1g5 h6
13.Bg5h4 d6
14.Rf1e1 Re8xe1
15.Ra1xe1 g5
16.Bh4g3 c5
17.Qd4e3 Bc8b7
18.h4 Qd8d7
19.hxg5 Ra8e8
20.Qe3d2 Re8xe1
21.Qd2xe1 hxg5
22.c4 Nf6h5
23.Qe1e3 f6
24.c3 Nh5xg3
25.Qe3xg3 Qd7e7
26.f4 Bb7c8
27.fxg5 fxg5
28.a4 a5
29.Bd3c2 Qe7f6
30.Qg3d3 Kf8
31.Bc2b1 Bc8e6
32.Qd3e4 Ke7
33.Bb1c2 Qf6xc3
 { time }
0-1

[Event "Tourn. n9509"]
[Site "www.chess-mail.com"]
[Date "2017.10.23"]
[Round "1"]
[White "Stepanpech"]
[Black "Jazzy"]
[WhiteElo "2590"]
[BlackElo "2260"]
[Result "0-1"]
[Round "1"]
1.e4 e5
2.Ng1f3 Ng8f6
3.Nf3xe5 d6
4.Ne5f3 Nf6xe4
5.d4 Bf8e7
6.Bf1d3 Ne4f6
7.h3 Nb8d7
8.c4 c6
9.Nb1c3 Qd8c7
10.Bc1f4 O-O
11.O-O Rf8d8
12.Rf1e1 Nd7f8
13.Qd1d2 Nf8g6
14.Bf4g3 Qc7d7
15.Re1e3 b6
16.d5 c5
17.Ra1e1 Be7f8
18.Nf3g5 Bc8a6
19.Qd2c2 { time. }
0-1

[Event "Tourn. n9540"]
[Site "www.chess-mail.com"]
[Date "2017.10.23"]
[Round "1"]
[White "Mitja"]
[Black "Cjood"]
[WhiteElo "2000"]
[BlackElo "2000"]
[Result "1-0"]
[Round "1"]
1.d4 g6
2.e3 c5
3.dxc5 Qd8a5
4.c3 Qa5xc5
5.Nb1d2 Bf8g7
6.Nd2b3 Qc5c7
7.Ng1f3 a5
8.Nb3d4 Bg7xd4
9.Qd1xd4 Ng8f6
10.b3 Nb8c6
11.Qd4d2 Nc6e5
12.Nf3xe5 Qc7xe5
13.Bc1b2 Qe5c7
14.Bf1e2 Nf6e4
15.Qd2d4 Ne4f6
16.c4 d6
17.Qd4h4 g5
18.Qh4h6 Bc8f5
19.Bb2xf6 exf6
20.Qh6xf6 O-O
21.Qf6xf5 h6
22.Be2d3 f6
23.O-O Ra8e8
24.Qf5g6 Qc7g7
25.Qg6f5  { time }
1-0

[Event "Tourn. n9460"]
[Site "www.chess-mail.com"]
[Date "2017.10.23"]
[Round "1"]
[White "Astroboy"]
[Black "Rons"]
[WhiteElo "2330"]
[BlackElo "2570"]
[Result "0-1"]
[Round "1"]
1.c4 Ng8f6
2.Nb1c3 e5
3.g3 Bf8b4
4.Qd1c2 Nb8c6
5.e3 d5
6.cxd5 Nf6xd5
7.Bf1g2 Bc8e6
8.Ng1e2 Bb4e7
9.O-O O-O
10.a3 Nd5xc3
11.bxc3 Be6c4
12.d4 Qd8d7
13.f4 exf4
14.Rf1xf4 Nc6a5
15.Rf4f2 c6
16.Ra1b1 Ra8e8
17.e4 c5
18.a4 cxd4
19.cxd4 Re8c8
20.Qc2d1 Bc4a2
21.Rb1b5 b6
22.Bc1e3 a6
23.Rb5b2 Ba2e6
24.Ne2f4 Na5c4
25.Nf4xe6 Qd7xe6
26.Rb2b3 Qe6d7
27.Be3f4 Qd7xa4
28.Rb3d3 Qa4xd1
29.Rd3xd1 b5
30.Bg2h3 Rc8d8
31.Bh3f1 Rf8e8
32.Rf2a2 Be7d6
33.Bf1xc4 bxc4
34.Bf4xd6 Rd8xd6
35.Ra2e2 f5
36.e5 Rd6d5
37.Re2c2 Re8xe5
38.Rc2xc4 Re5e2
39.Rc4c5 Rd5xc5
40.dxc5 Re2c2
41.Rd1a1 Rc2xc5
 { time }
0-1

[Event "Tourn. n9314"]
[Site "www.chess-mail.com"]
[Date "2017.10.23"]
[Round "1"]
[White "Seger"]
[Black "Stepanpech"]
[WhiteElo "2670"]
[BlackElo "2300"]
[Result "1-0"]
[Round "1"]
1.d4 Ng8f6
2.c4 e6
3.g3 d5
4.Bf1g2 Bf8b4
5.Nb1d2 O-O
6.Ng1f3 b6
7.O-O Bc8b7
8.a3 Bb4e7
9.b4 Nb8d7
10.cxd5 exd5
11.Nf3e5 Be7d6
12.Bc1b2 Rf8e8
13.Nd2c4 Bd6f8
14.Nc4e3 c6
15.Ra1c1 Nd7xe5
16.dxe5 Nf6d7
17.f4 b5
18.Ne3c2 Nd7b6
19.Bb2d4 Nb6c4
20.Rf1f2 Qd8c7
21.e3 a5
22.Bg2f1 g6
23.Bf1d3 axb4
24.axb4 Ra8a2
25.Qd1g4 Bb7c8
26.Qg4f3 Bc8e6
27.g4 Be6c8
28.h4 Qc7d7
29.Bd3xc4 bxc4
30.f5 Qd7c7
31.e6 fxe6
32.fxg6 hxg6
33.Bd4e5 Qc7d7
34.Qf3f6 Qd7g7
35.Rc1f1 Qg7xf6
36.Rf2xf6 Bf8g7
37.Rf6xg6 Re8e7
38.Nc2d4 Bc8d7
39.h5 Bd7e8
40.Rg6g5 Kh7
41.Be5xg7 Re7xg7
42.Rg5xg7 Kxg7
43.Nd4xe6 Kh7
44.Ne6c7 Be8d7
45.Rf1f7 Kg8
46.Rf7xd7 c3
47.Rd7d6 c5
48.Rd6g6 Kf7
49.Rg6c6 c2
50.Rc6xc5 d4
51.exd4 Ra2a1
52.Kf2 c1Q
53.Rc5xc1 Ra1xc1
54.Nc7d5 Ke6
55.Nd5e3 Kf6
56.d5 { time. }
1-0

[Event "Tourn. n9558"]
[Site "www.chess-mail.com"]
[Date "2017.10.23"]
[Round "1"]
[White "Theo64"]
[Black "Pachi"]
[WhiteElo "1800"]
[BlackElo "1640"]
[Result "0-1"]
[Round "1"]
1.e4 e5
2.Ng1f3 d6
3.d4 f6
4.dxe5 fxe5
5.Bc1g5 Bf8e7
6.Bg5xe7 Qd8xe7
7.Bf1c4 Ng8f6
8.Nb1c3 Bc8g4
9.O-O { time. }
0-1

[Event "Tourn. n9427"]
[Site "www.chess-mail.com"]
[Date "2017.10.23"]
[Round "1"]
[White "Tartan"]
[Black "Gvladutz"]
[WhiteElo "2420"]
[BlackElo "2229"]
[Result "1-0"]
[Round "1"]
1.e4 c5
2.Ng1f3 Nb8c6
3.d4 cxd4
4.Nf3xd4 Ng8f6
5.Nb1c3 d6
6.Bc1g5 e6
7.Qd1d2 a6
8.O-O-O h6
9.Bg5e3 Bf8e7
10.f4 Bc8d7
11.Kb1 b5
12.Bf1d3 b4
13.Nc3e2 O-O
14.h3 Qd8c7
15.g4 Qc7b7
16.Ne2g3 Nc6xd4
17.Be3xd4 Bd7c6
18.Rh1e1 Rf8e8
19.g5 hxg5
20.fxg5 Nf6d7
21.Bd4xg7 b3
22.g6 fxg6
23.Qd2h6 bxa2
24.Kxa2 Be7f6
25.Bg7xf6 Nd7xf6
26.Bd3c4 d5
27.exd5 Bc6xd5
28.Bc4xd5 exd5
29.Qh6xg6 Qb7g7
30.Qg6d3 Qg7h7
31.Ng3f5 Kh8
32.Re1xe8 Ra8xe8
33.Qd3xa6 Qh7xf5
34.Rd1f1 Qf5e6
35.Rf1xf6 Qe6xa6
36.Rf6xa6 Kg7
37.Ra6d6 Re8a8
38.Kb1 Ra8h8
39.Rd6xd5 Rh8xh3
40.Rd5f5 Rh3h4
41.b3 Rh4h2
42.b4 Rh2h4
43.c3 Rh4h2
44.Rf5f3 Kg6
45.Rf3f1 Rh2g2
46.Rf1c1 Kf6
47.Rc1c2 Rg2g3
48.Kb2 Ke7
49.Rc2d2 Rg3g5
50.Kb3 Rg5f5
51.c4 Rf5f3
52.Ka4 Rf3f8
53.b5 Rf8f4
54.Kb4 Rf4f6
55.c5 Rf6f4
56.Ka5 Rf4c4
57.Kb6 Kf6
58.c6 { resign }
1-0

[Event "Tourn. n9310"]
[Site "www.chess-mail.com"]
[Date "2017.10.23"]
[Round "1"]
[White "Lucaschess"]
[Black "Jaroslavpech"]
[WhiteElo "2070"]
[BlackElo "2120"]
[Result "0-1"]
[Round "1"]
1.e4 e5
2.Ng1f3 Nb8c6
3.Bf1c4 Ng8f6
4.d4 exd4
5.O-O Nf6xe4
6.Rf1e1 d5
7.Bc4xd5 Qd8xd5
8.Nb1c3 Qd5a5
9.Nc3xe4 Bc8e6
10.Ne4g5 O-O-O
11.Ng5xe6 fxe6
12.Re1xe6 Bf8d6
13.Qd1e2 Qa5h5
14.h3 Rh8e8
15.Bc1g5 Nc6e5
16.Re6xe8 Rd8xe8
17.Bg5d2 d3
18.cxd3 Re8f8
19.Nf3d4 Qh5xe2
20.Nd4xe2 Ne5xd3
21.Bd2e3 Nd3xb2
22.Be3d4 Rf8e8
23.Bd4xb2 Re8xe2
24.Bb2d4 g6
25.g3 c5
26.Bd4e3 b5
27.Kg2 Re2c2
28.Ra1c1 Rc2xc1
29.Be3xc1 a5
30.f4 Kd7
31.Kf3 Kc6
32.Ke4 c4
33.g4 b4
34.f5 gxf5
35.gxf5 a4
36.f6 a3
37.Kd4 Kb5
38.f7 Bd6c5
39.Ke4 Bc5f8
40.Kd4 b3
41.axb3 cxb3
42.Kd3 Ka4
43.Kd2 b2
44.Bc1xb2 axb2
45.Kc2 Ka3
46.Kb1 Kb3
47.h4 Kc3
48.h5 Bf8h6
{ resign }
0-1

[Event "Tourn. n9533"]
[Site "www.chess-mail.com"]
[Date "2017.10.23"]
[Round "1"]
[White "Pachi"]
[Black "Dussek"]
[WhiteElo "1640"]
[BlackElo "1810"]
[Result "0-1"]
[Round "1"]
1.e4 e6
2.g3 c5
3.c3 Nb8c6
4.Bf1b5 a6
5.Bb5xc6 dxc6
6.d4 Ng8f6
7.e5 Nf6d5
8.b3 Bf8e7
9.Ng1h3 h6
10.O-O cxd4
11.Qd1xd4 O-O
12.c4 c5
13.Qd4e4 Nd5b4
14.a3 Nb4c6
15.Nb1c3 Nc6d4
16.Rf1d1 Qd8b6
17.b4 Nd4b3
18.Ra1b1 Nb3xc1
19.Rd1xc1 Qb6a7
20.Nc3a4 b6
21.bxc5 bxc5
22.Qe4c6 Bc8d7
23.Qc6e4 Bd7xa4
24.g4 Ra8d8
25.f4 Rd8d4
26.Qe4f3 Qa7c7
27.g5 hxg5
28.fxg5 Qc7xe5
29.Rc1e1 Qe5d6
30.Qf3h5 Ba4c2
31.Rb1b2 Bc2g6
32.Qh5f3 Rd4xc4
33.Re1d1 Qd6c7
34.Rb2d2 Bg6e4
35.Qf3g4 Qc7a5
36.g6 Be4d5
37.Qg4h5 fxg6
38.Qh5xg6 Qa5xa3
39.Nh3g5 Qa3e3
40.Rd2f2 Qe3xf2
{ resign }
0-1

[Event "Tourn. n9481"]
[Site "www.chess-mail.com"]
[Date "2017.10.23"]
[Round "1"]
[White "Cjood"]
[Black "Ditto"]
[WhiteElo "1950"]
[BlackElo "1890"]
[Result "0-1"]
[Round "1"]
1.g3 e5
2.Bf1g2 Bf8c5
3.e3 d6
4.c3 Bc8f5
5.Bg2xb7 Nb8d7
6.Bb7xa8 Qd8xa8
7.f3 Bf5d3
8.b4 Bc5b6
9.a4 a6
10.Bc1b2 Ng8f6
11.Nb1a3 O-O
12.Qd1b3 e4
13.f4 Qa8c8
14.a5 Bb6a7
15.c4 Nd7b8
16.Bb2xf6 gxf6
17.h3 Nb8c6
18.g4 Qc8e6
19.O-O-O Rf8b8
20.f5 Qe6e5
21.Na3c2 Nc6xa5
22.Qb3a3 Na5c6
23.Qa3c3 Qe5e7
24.h4 Nc6e5
25.Rh1h2 Ne5xc4
26.Ng1h3 Nc4e5
27.Nh3g1 Bd3b5
28.Kb1 Bb5d3
29.Kc1 Ba7b6
30.g5 fxg5
31.Rh2g2 g4
32.Nc2d4 h5
33.Ng1e2 Qe7d7
34.Ne2f4 Qd7a4
35.Nf4xh5 Bb6xd4
 { time }
0-1

[Event "Tourn. n9456"]
[Site "www.chess-mail.com"]
[Date "2017.10.23"]
[Round "1"]
[White "Pdebonis"]
[Black "Astroboy"]
[WhiteElo "2640"]
[BlackElo "2320"]
[Result "1-0"]
[Round "1"]
1.e4 c5
2.Ng1f3 g6
3.d4 cxd4
4.Nf3xd4 Bf8g7
5.c4 Nb8c6
6.Bc1e3 Ng8f6
7.Nb1c3 O-O
8.Bf1e2 d6
9.O-O Bc8d7
10.Nd4c2 Ra8c8
11.f3 Bd7e6
12.Qd1d2 Nc6e5
13.b3 Ne5c6
14.Nc3d5 Nf6d7
15.Ra1c1 Nd7c5
16.b4 Nc5a4
17.Nc2a1 f5
18.Na1b3 fxe4
19.fxe4 Rf8xf1
20.Rc1xf1 Nc6e5
21.Nb3d4 Be6xd5
22.exd5 Na4b6
23.Nd4e6 Nb6xc4
24.Be2xc4 Ne5xc4
25.Qd2f2 Qd8e8
26.Be3xa7 Bg7f6
27.Ba7d4 Nc4e5
28.h3 Qe8d7
29.Qf2f4 Ne5d3
30.Qf4d2 Nd3e5
31.g4 b5
32.g5 Bf6h8
33.Qd2f2  { time }
1-0

[Event "Tourn. n9460"]
[Site "www.chess-mail.com"]
[Date "2017.10.23"]
[Round "1"]
[White "Numanoid"]
[Black "Astroboy"]
[WhiteElo "2430"]
[BlackElo "2330"]
[Result "1-0"]
[Round "1"]
1.d4 Ng8f6
2.c4 e6
3.Nb1c3 Bf8b4
4.Qd1c2 Nb8c6
5.Ng1f3 d6
6.Bc1d2 e5
7.a3 Bb4xc3
8.Bd2xc3 exd4
9.Nf3xd4 Nc6xd4
10.Bc3xd4 O-O
11.e3 Nf6g4
12.O-O-O Rf8e8
13.Kb1 Bc8d7
14.h3 Ng4e5
15.Bf1e2 b6
16.Qc2c3 Qd8e7
17.Rh1e1 c5
18.Bd4xe5 dxe5
19.Be2f3 e4
20.Bf3e2  { time }
1-0

[Event "Tourn. n9566"]
[Site "www.chess-mail.com"]
[Date "2017.10.23"]
[Round "1"]
[White "Bojan"]
[Black "Tonino1"]
[WhiteElo "2010"]
[BlackElo "2280"]
[Result "1/2-1/2"]
[Round "1"]
1.e4 d6
2.d4 Ng8f6
3.Nb1c3 g6
4.h3 Bf8g7
5.Bc1e3 O-O
6.Bf1d3 c6
7.Qd1d2 Rf8e8
8.f4 Nf6h5
9.g4 Nh5f6
10.Qd2e2 b5
11.e5 dxe5
12.dxe5 Nf6d5
13.Be3d2 a6
14.Nc3e4 Nb8d7
15.Ng1f3 e6
16.Qe2f2 Qd8b6
17.a3 Qb6xf2
18.Kxf2 c5
19.Ne4d6 Re8f8
20.c4 Nd5c7
21.Ra1b1 Ra8b8
22.b3 Nc7e8
23.Nd6xc8 Rb8xc8
24.cxb5 axb5
25.Bd3xb5 Nd7b6
26.Rh1d1 Ne8c7
27.Bb5e2 Nc7d5
28.Rd1c1 Rf8d8
29.a4 Nd5b4
30.Rb1a1 Nb4d3
31.Be2xd3 Rd8xd3
32.b4 cxb4
33.Rc1xc8 Nb6xc8
34.Bd2xb4 Rd3b3
35.Bb4c5 Bg7f8
36.Bc5xf8 Kxf8
37.Ra1c1 Nc8e7
38.Rc1c4 Rb3a3
39.h4 h6
40.Nf3d4 Ne7d5
41.f5 Nd5b6
42.Rc4b4 Ra3xa4
43.Rb4xa4 Nb6xa4
44.fxe6 fxe6
45.Nd4xe6 Ke7
46.Ne6d4 Na4c5
47.Kf3 g5
48.hxg5 hxg5
49.Ke3 Kf7
50.Nd4f3 Ke6
51.Kd4 Nc5b3
52.Kc4 Nb3d2
53.Nf3xd2 Kxe5
54.Kd3 Kf4
55.Nd2e4 { draw }
1/2-1/2

[Event "Tourn. n9540"]
[Site "www.chess-mail.com"]
[Date "2017.10.23"]
[Round "1"]
[White "Cjood"]
[Black "Claymil"]
[WhiteElo "2010"]
[BlackElo "2120"]
[Result "0-1"]
[Round "1"]
1.e4 c5
2.Ng1f3 Nb8c6
3.d4 cxd4
4.Nf3xd4 g6
5.Nd4xc6 bxc6
6.f4 Bf8g7
7.Nb1c3 Bc8b7
8.Ra1b1 Qd8c7
9.Bf1d3 e6
10.Bc1e3 Ng8e7
11.Nc3e2 O-O
12.O-O d5
13.exd5 cxd5
14.c3 a5
15.b3 Rf8c8
16.g3 Qc7c6
17.Be3d4 f6
 { time }
0-1

[Event "Tourn. n9552"]
[Site "www.chess-mail.com"]
[Date "2017.10.23"]
[Round "1"]
[White "Robinjut"]
[Black "Vasylpuzanov"]
[WhiteElo "1670"]
[BlackElo "1620"]
[Result "1-0"]
[Round "1"]
1.e4 e5
2.Ng1f3 Nb8c6
3.Bf1b5 a6
4.Bb5xc6 dxc6
5.Nb1c3 Bc8g4
6.h3 Bg4xf3
7.Qd1xf3 Ng8f6
8.d3 Bf8b4
9.Bc1d2  { time }
1-0

[Event "Tourn. n9557"]
[Site "www.chess-mail.com"]
[Date "2017.10.23"]
[Round "1"]
[White "Gvladutz"]
[Black "Fantomas"]
[WhiteElo "2490"]
[BlackElo "2220"]
[Result "1-0"]
[Round "1"]
1.e4 c6
2.d4 d5
3.e5 Bc8f5
4.h4 h6
5.g4 Bf5d7
6.h5 e6
7.Ng1f3 Bf8e7
8.c3 b6
9.Bc1e3 Bd7c8
10.Nb1d2 c5
11.Qd1c2 Qd8c7
12.O-O-O Bc8a6
13.Bf1xa6 Nb8xa6
14.Qc2a4 { resign }
1-0

[Event "Tourn. n9549"]
[Site "www.chess-mail.com"]
[Date "2017.10.23"]
[Round "1"]
[White "Redapond1"]
[Black "Theo64"]
[WhiteElo "1650"]
[BlackElo "1790"]
[Result "1-0"]
[Round "1"]
1.d4 Ng8f6
2.Nb1c3 e6
3.Bc1f4 c5
4.d5 Nf6xd5
5.Nc3xd5 exd5
6.Qd1xd5 d6
7.O-O-O Bc8e6
{ time. }
1-0

[Event "Tourn. n9475"]
[Site "www.chess-mail.com"]
[Date "2017.10.23"]
[Round "1"]
[White "Cal"]
[Black "Jjmcbride"]
[WhiteElo "1620"]
[BlackElo "1680"]
[Result "0-1"]
[Round "1"]
1.c4 c5
2.Nb1c3 Ng8f6
3.e4 e5
4.d3 d6
5.Ng1f3 h6
6.a3 Nb8c6
7.b3 g5
8.h3 g4
9.Nf3h4 Bc8e6
10.hxg4 Be6xg4
11.Bf1e2 Qd8d7
12.f3 Bg4e6
13.g3 Be6h3
14.g4 h5
15.Rh1xh3 hxg4
16.fxg4 O-O-O
17.Be2f3 Bf8e7
18.Bc1g5 Rd8g8
19.Qd1d2 Nc6a5
20.O-O-O Na5xb3
21.Kc2 Nb3xd2
22.Rd1xd2 Rg8xg5
23.Nc3b5 Kb8
24.a4 a6
25.Nb5c3 b5
26.cxb5 axb5
27.Nc3xb5 Qd7c6
28.Rh3h2 d5
29.exd5 Nf6xd5
30.Nb5c3 Nd5e3
31.Kc1 Qc6f6
32.Nc3e4 Qf6a6
33.Rd2b2 Ka7
34.Bf3e2 c4
35.dxc4 Ne3xc4
36.Be2xc4 Qa6xc4
37.Rh2c2 Qc4f1
38.Kd2 Rh8d8
39.Ke3 Rd8d3
{ resign }
0-1

[Event "Match"]
[Site "www.echecsemail.com"]
[Date "2017.10.23"]
[Round "1"]
[White "Apdash"]
[Black "Xkafi"]
[WhiteElo "2100"]
[BlackElo "1950"]
[Result "1-0"]
[Round "1"]
1.e4 e5
2.Ng1f3 Qd8f6
3.Bf1c4 Bf8c5
4.O-O a6
5.Nb1c3 c6
6.d3 h6
7.Bc1e3 Bc5b4
8.a3 Bb4a5
9.d4 d6
10.dxe5 dxe5
11.b4 Ba5c7
12.a4 Ng8e7
13.b5 Nb8d7
14.Ra1b1 O-O
15.bxa6 bxa6
{ time. }
1-0

[Event "Match"]
[Site "www.echecsemail.com"]
[Date "2017.10.23"]
[Round "1"]
[White "Mitja"]
[Black "Bojan"]
[WhiteElo "1920"]
[BlackElo "1970"]
[Result "1-0"]
[Round "1"]
1.d4 d5
2.e3 a6
3.c3 Nb8c6
4.h3 e5
5.dxe5 Nc6xe5
6.Ng1f3 Qd8f6
7.Nf3xe5 Qf6xe5
8.Nb1d2 Bc8e6
9.Nd2f3 Qe5d6
10.Nf3d4 Ng8f6
11.Nd4xe6 Qd6xe6
12.Bf1e2 O-O-O
13.b3 Nf6e4
14.Bc1b2 Rh8g8
15.Qd1d4 c5
16.Qd4d1 Bf8d6
17.Qd1c2 f5
18.Be2f3 Ne4g5
19.Bf3e2 g6
20.O-O-O f4
21.Be2g4 fxe3
22.Bg4xe6 Ng5xe6
23.fxe3 Bd6e7
24.c4 d4
25.exd4 Be7g5
26.Kb1 cxd4
27.Qc2e4 Rg8e8
28.Qe4g4 Bg5e3
29.Rh1f1 Kb8
30.Rf1f7 b5
31.Qg4e4 Ne6c5
32.Qe4c6 Rd8c8
33.Qc6b6 { resign }
1-0

[Event "Match"]
[Site "www.echecsemail.com"]
[Date "2017.10.23"]
[Round "1"]
[White "Apdash"]
[Black "Szustan"]
[WhiteElo "2100"]
[BlackElo "2490"]
[Result "0-1"]
[Round "1"]
1.e4 e5
2.f4 exf4
3.Ng1f3 d5
4.exd5 Ng8f6
5.Bf1b5 c6
6.dxc6 Nb8xc6
7.O-O Qd8b6
8.d4 Qb6xb5
9.c3 Bc8e6
10.Rf1e1 Bf8d6
11.a4 Qb5h5
12.c4 O-O-O
13.Bc1d2 Nc6xd4
14.Nf3xd4 f3
15.Nd4xf3 Nf6g4
16.h3 Bd6c5
17.Kf1 Be6xc4
{ resign }
0-1

[Event "Match"]
[Site "www.echecsemail.com"]
[Date "2017.10.23"]
[Round "1"]
[White "Blackygrey"]
[Black "Numanoid"]
[WhiteElo "2369"]
[BlackElo "2420"]
[Result "0-1"]
[Round "1"]
1.e4 e6
2.d4 d5
3.Nb1d2 c5
4.exd5 Qd8xd5
5.Ng1f3 cxd4
6.Bf1c4 Qd5d6
7.O-O Ng8f6
8.Nd2b3 Nb8c6
9.Nb3xd4 Nc6xd4
10.Nf3xd4 a6
11.a4 Qd6c7
12.Bc4d3 Bf8d6
13.h3 O-O
14.c3 b6
 { time }
0-1

[Event "Match"]
[Site "www.echecsemail.com"]
[Date "2017.10.23"]
[Round "1"]
[White "Chapi"]
[Black "Apdash"]
[WhiteElo "2160"]
[BlackElo "2250"]
[Result "1-0"]
[Round "1"]
1.d4 d5
2.c4 Ng8f6
3.Nb1c3 c6
4.Ng1f3 g6
5.cxd5 cxd5
6.Bc1g5 Bf8g7
7.e3 h6
8.Bg5h4 O-O
9.Bf1d3 Bc8g4
10.h3 Bg4xf3
11.Qd1xf3 g5
12.Bh4g3 a6
13.Bg3e5 e6
14.g4 Nb8d7
15.h4 Nd7xe5
16.dxe5 Nf6d7
17.Qf3e2 Nd7xe5
18.Bd3c2 Ra8c8
19.f4 Ne5c4
20.hxg5 d4
21.Nc3e4 Qd8a5
22.Kf2 dxe3
23.Kg3 Rf8d8
24.gxh6 Bg7xb2
25.h7 Kh8
26.Ra1d1 Nc4d2
27.Bc2d3 Nd2xe4
28.Bd3xe4 Bb2d4
29.Rh1h5 Rc8c5
30.Rh5xc5 Bd4xc5
31.Qe2b2 Bc5d4
32.Rd1xd4 Rd8xd4
33.Qb2xd4 e5
34.Qd4xe5 Qa5xe5
35.fxe5 b5
36.Kf3 a5
37.Kxe3 b4
38.Kd3 a4
39.Kc4 b3
40.a3 Kg7
41.g5 b2
42.g6 fxg6
43.e6 g5
44.e7 g4
45.e8Q g3
46.h8Q { resign }
1-0